|
|
|
|
| LEADER |
00000nam0a2200000 4500 |
| 001 |
40456 |
| 005 |
20231031012755.0 |
| 010 |
|
|
|a 5040882947
|
| 035 |
|
|
|a (RuTPU)RU\TPU\book\41511
|
| 090 |
|
|
|a 40456
|
| 100 |
|
|
|a 20020517d2001 m y0rusy50 ca
|
| 101 |
1 |
|
|a rus
|c eng
|
| 102 |
|
|
|a RU
|
| 105 |
|
|
|a a z 000zy
|
| 200 |
1 |
|
|a Три черные юбки
|a Учебник жизни для женщин
|e пер. с англ.
|f А. Джонсон
|
| 210 |
|
|
|a Москва
|c ЭКСМО-Пресс
|d 2001
|
| 215 |
|
|
|a 224 с.
|c ил.
|
| 610 |
1 |
|
|a психология
|
| 610 |
1 |
|
|a психология личности
|
| 610 |
1 |
|
|a психология пола
|
| 610 |
1 |
|
|a питание
|
| 610 |
1 |
|
|a сексуальные отношения
|
| 610 |
1 |
|
|a имидж
|
| 610 |
1 |
|
|a карьера
|
| 610 |
1 |
|
|a любовь
|
| 610 |
1 |
|
|a общение
|
| 610 |
1 |
|
|a духовный мир
|
| 686 |
|
|
|a Ю937.3
|v LBC/SL-A
|2 rubbk
|
| 700 |
|
1 |
|a Джонсон
|b А.
|g Анна
|
| 801 |
|
1 |
|a RU
|b 63413507
|c 20020517
|g PSBO
|
| 801 |
|
2 |
|a RU
|b 63413507
|c 20120312
|g PSBO
|
| 942 |
|
|
|c BK
|